| 000 | 00781nam a2200241 4500 | ||
|---|---|---|---|
| 999 |
_c9046 _d9046 |
||
| 001 | 9046 | ||
| 003 | BD-JhCC | ||
| 005 | 20180307192902.0 | ||
| 008 | 180307s1964 bg |||| |||| 000 0 ben d | ||
| 035 | _a(BD-JhCC)9046 | ||
| 040 |
_aBD-JhCC _dBD-JhCC |
||
| 041 | _aben | ||
| 082 |
_a920 _bMON 1964 |
||
| 100 | _aমনট্রাস, লীন | ||
| 245 |
_aজর্জ ওয়াশিংটন / _c লীন মনট্রাস ; এনামুল হক (অনু) |
||
| 260 |
_aঢাকা : _bষ্টুডেন্ট ওয়েজ, _c১৯৬৪ |
||
| 300 |
_a১১৭ পৃ. ; _c১৮ সেমি |
||
| 600 | _aGeorge Washington | ||
| 650 | _aJuvinile literature | ||
| 650 | _aBiography | ||
| 700 | _aহক, এনামুল | ||
| 942 |
_2ddc _cBK |
||